000 00257nam a22001217a 4500
082 _a821
_bGAU/O
100 _aGAUTHAM,D.N
245 _aOCEAN AND WAVE
260 _aNEW DELHI
_bRUPENDRA KASHYAP
300 _a144
650 _aPOETRY
_zNEW DELHI
942 _cBK
999 _c3890
_d3890